| 000 | 00876nam a2200253Ia 4500 | ||
|---|---|---|---|
| 005 | 20250425162129.0 | ||
| 008 | 250425s9999 xx 000 0 und d | ||
| 020 | _a8470033395 | ||
| 041 | _aspa | ||
| 082 | _a636 | ||
| 100 | _aILLERA MARTIN, MARIANO | ||
| 245 | 0 | _aREPRODUCCION DE LOS ANIMALES DOMESTICOS | |
| 250 | _a1A ED. | ||
| 260 | _aBARCELONA | ||
| 260 |
_aEspaƱa _bAEDOS _c1994 |
||
| 300 | _a390 | ||
| 500 | _aEN CIBGZ-FIMCP D-30571 PARA ING. AGROP. | ||
| 520 | _aLA RAZON DE PRESENTAR ESTA OBRA SE DEBE A NUESTRA CONTINUA INQUIETUD POR ESTAS CIENCIAS COMO: LA FISILOGIA QUE ES TAN INTERESANTE , EL PAPEL IMPORTANTE QUE JUEGA EL SISTEMA NERVIOSO , LA NATURALEZA DE LAS HORMONAS QUE INTERVIENEN EN LA REPRODUCCION.O | ||
| 650 | _aANIMALES DOMESTICOS | ||
| 650 | _aFISIOLOGIA ANIMAL | ||
| 650 | _aPRODUCCION ANIMAL | ||
| 942 | _c01 | ||
| 010 | _a51811 | ||
| 999 |
_c222934 _d222934 |
||